000 00652nab a2200193 4500
001 244442
003 OSt
005 20241008130054.0
007 tu
008 200917s2020|||||||
040 _aDE-2950
_cDE-2950
245 0 0 _aSchüler wieder auf freiem Fuß
_bTerrorverdacht. Nach vier Wochen Polizeigewahrsam ist ein Jugendlicher aus Frankfurt freigelassen worden. Gegen ihn wird jedoch weiter ermittelt/
_cSelim Pekel
264 _c2024
653 _aFrankfurt (Oder)
653 _aTerrorverdacht
653 _aFrankfurter Schüler
773 0 _g35. Jahrgang (2024) Nr. 233 vom 05.10.2024, S. 17 mit Foto
_tMärkische Oderzeitung
942 _2z
_cA
999 _c373401
_d373401